logo

Bir Sreshtho Munshi Abdur Rouf Library
Jhenaidah Cadet College

The progressive English dictionary, (Record no. 8602)

MARC details
000 -LEADER
fixed length control field 00772nam a2200277 4500
001 - CONTROL NUMBER
JCCL Control Number 8602
003 - CONTROL NUMBER IDENTIFIER
JCCL marc code BD-JhCC
005 - DATE AND TIME OF LATEST TRANSACTION
control field 20180228085227.0
008 - FIXED-LENGTH DATA ELEMENTS--GENERAL INFORMATION
fixed length control field 730221s1972 enka d 000 0 eng
020 ## - INTERNATIONAL STANDARD BOOK NUMBER
International Standard Book Number 019431118X
035 ## - SYSTEM CONTROL NUMBER
system control number (BD-JhCC)8602
040 ## - CATALOGING SOURCE
Original cataloging agency DLC
Transcribing agency DLC
Modifying agency DLC
-- BD-JhCC
041 ## - LANGUAGE CODE
Language code of Book eng
050 00 - LIBRARY OF CONGRESS CALL NUMBER
Classification number PE1628
Item number .H56 1972
082 00 - DEWEY DECIMAL CLASSIFICATION NUMBER
Classification number 423
Author mark and Year HOR 1972
100 1# - MAIN ENTRY--PERSONAL NAME
Personal name Hornby, Albert Sydney.
245 14 - TITLE STATEMENT
Title The progressive English dictionary,
Statement of responsibility, etc [by] A. S. Hornby and E. C. Parnwell.
250 ## - EDITION STATEMENT
Edition statement 2nd ed.
260 ## - PUBLICATION, DISTRIBUTION, ETC. (IMPRINT)
Place of publication, distribution, etc London,
Name of publisher, distributor, etc Oxford University Press,
Date of publication, distribution, etc 1972.
300 ## - PHYSICAL DESCRIPTION
Pagination [6], 345 p.
Other physical details illus.
Dimensions 17 cm.
350 ## - PRICE (NR) (BK AM CF MU VM SE) [OBSOLETE]
Price £0.20
650 #0 - SUBJECT ADDED ENTRY--TOPICAL TERM
Topical term or geographic name as entry element English language
General subdivision Dictionaries.
700 1# - ADDED ENTRY--PERSONAL NAME
Personal name Parnwell, E. C.,
942 ## - ADDED ENTRY ELEMENTS (KOHA)
Source of classification or shelving scheme Dewey Decimal Classification
Koha item type Books
Holdings
Source of classification or shelving scheme Damaged status Not for loan Home library Current library Shelving location Total Checkouts Full call number Barcode Date last seen Copy number Koha item type
Dewey Decimal Classification     JCC Rouf Library JCC Rouf Library General Stacks   423 HOR 1972 9314 02/28/2018 C - 1 Books

JCC Library | Contacts | JCC Home

Last Update on 23 September 2017
Copyright @ 2017-2020 JCC Rouf Library
Rouf Library, Jhenidah Cadet College (JCC), Bangladesh